000 00874nam a22002417a 4500
008 090128t xxu||||| |||| 00| 0 eng d
010 _aENG-92667
020 _c300.00
_a9788188769346
035 _aEN-76200
037 _bDBAD / PUB
040 _adpl
_bEnglish
082 _a240
100 _aPatil, Bal
245 _aJainism:
_cby Bal Patil; edited by Manish Modi and Tony Whittington
_ban eternal pilgrimage /
260 _aMumbai
_bHindi Granth Karyalay
_c2008
270 _a9 Hirabaug CP Tank,
_bMumbai
_e400004
300 _a100p.
_c22cm (Hb)
490 _aPandit Nathuram Premi research series; vol. 23
700 _aModi, Manish
700 _aWhittington, Tony
942 _2ddc
_cEN
_mPAT
_h240
999 _c22559
_d22559